|
|
|
|
| LEADER |
00000naa2a2200000 4500 |
| 001 |
635428 |
| 005 |
20241014090625.0 |
| 035 |
|
|
|a (RuTPU)RU\TPU\conf\37281
|
| 035 |
|
|
|a RU\TPU\conf\37273
|
| 090 |
|
|
|a 635428
|
| 100 |
|
|
|a 20230123d2022 k y0rusy50 ca
|
| 101 |
0 |
|
|a rus
|
| 102 |
|
|
|a RU
|
| 105 |
|
|
|a y z 101zy
|
| 135 |
|
|
|a drgn ---uucaa
|
| 181 |
|
0 |
|a i
|
| 182 |
|
0 |
|a b
|
| 200 |
1 |
|
|a Роль кристаллической структуры Mo в стойкости к окислению циркониевого сплава Zr-1Nb с покрытием Cr/Mo
|f А. В. Абдульменова, Ю. Р. Мингазова, М. С. Сыртанов
|
| 203 |
|
|
|a Текст
|c электронный
|
| 225 |
1 |
|
|a Ядерные установки, перспективные ядерные топливные циклы и технологии
|
| 300 |
|
|
|a Заглавие с экрана
|
| 320 |
|
|
|a [Библиогр.: с. 35-36 (2 назв.)]
|
| 338 |
|
|
|b Российский научный фонд
|d 21-79-00175
|
| 463 |
|
0 |
|0 (RuTPU)RU\TPU\conf\36995
|t Физико-технические проблемы в науке, промышленности и медицине
|o сборник тезисов докладов XI Международной научно-практической конференции, г. Томск, 07–09 сентября 2022 г.
|f Национальный исследовательский Томский политехнический университет, Инженерная школа ядерных технологий ; ред. кол. А. Г. Горюнов, О. Ю. Долматов, А. О. Семенов, Е. С. Сухих
|v [С. 35-36]
|d 2022
|
| 610 |
1 |
|
|a труды учёных ТПУ
|
| 610 |
1 |
|
|a электронный ресурс
|
| 610 |
1 |
|
|a кристаллические структуры
|
| 610 |
1 |
|
|a окисление
|
| 610 |
1 |
|
|a циркониевые сплавы
|
| 610 |
1 |
|
|a защитные покрытия
|
| 610 |
1 |
|
|a молибден
|
| 610 |
1 |
|
|a коррозионная стойкость
|
| 700 |
|
1 |
|a Абдульменова
|b А. В.
|c физик
|c инженер Томского политехнического университета
|f 2001-
|g Анастасия Владимировна
|y Томск
|9 88515
|
| 701 |
|
1 |
|a Мингазова
|b Ю. Р.
|c специалист в области ядерных технологий
|c инженер Томского политехнического университета
|f 1998-
|g Юлия Рафаиловна
|3 (RuTPU)RU\TPU\pers\47087
|9 22681
|
| 701 |
|
1 |
|a Сыртанов
|b М. С.
|c физик
|c доцент, научный сотрудник Томского политехнического университета, кандидат технических наук
|f 1990-
|g Максим Сергеевич
|3 (RuTPU)RU\TPU\pers\34762
|9 18112
|
| 712 |
0 |
2 |
|a Национальный исследовательский Томский политехнический университет
|b Инженерная школа ядерных технологий
|b Отделение экспериментальной физики
|3 (RuTPU)RU\TPU\col\23549
|
| 801 |
|
2 |
|a RU
|b 63413507
|c 20230201
|g RCR
|
| 856 |
4 |
|
|u http://earchive.tpu.ru/handle/11683/74503
|
| 942 |
|
|
|c BK
|